G yute note book (Record no. 15275)

000 -LEADER
fixed length control field 00504nam a22001931a 4500
020 ## - INTERNATIONAL STANDARD BOOK NUMBER
Terms of availability 0.00
040 ## - CATALOGING SOURCE
Original cataloging agency SSUS - Library - Kalady
082 ## - DEWEY DECIMAL CLASSIFICATION NUMBER
Classification number M08
Item number SAN/G
100 ## - MAIN ENTRY--PERSONAL NAME
Personal name Sankarakuruppu G
245 ## - TITLE STATEMENT
Title G yute note book
Medium [Text]
260 ## - PUBLICATION, DISTRIBUTION, ETC.
Place of publication, distribution, etc. Kozhikode
Name of publisher, distributor, etc. Mathrubhoomi
Date of publication, distribution, etc. 1983
300 ## - PHYSICAL DESCRIPTION
Extent 326p.
600 ## - SUBJECT ADDED ENTRY--PERSONAL NAME
Personal name Letters G Sankarakuruppu
600 ## - SUBJECT ADDED ENTRY--PERSONAL NAME
Personal name Literature
600 ## - SUBJECT ADDED ENTRY--PERSONAL NAME
Personal name Literature Malayalam Collection
600 ## - SUBJECT ADDED ENTRY--PERSONAL NAME
Personal name Literature Malayalam
852 ## - LOCATION
-- 30.00
--
942 ## - ADDED ENTRY ELEMENTS (KOHA)
Koha item type Book
Holdings
Withdrawn status Lost status Damaged status Not for loan Permanent Location Current Location Date acquired Cost, normal purchase price Total Checkouts Full call number Barcode Date last seen Cost, replacement price Price effective from Koha item type
        Sree Sankaracharya University of Sanskrit Sree Sankaracharya University of Sanskrit 08.01.2015 30.00   M08 SAN/G 042142 29.04.2016 0.00 08.01.2015 Book